<?xml version="1.0" encoding="UTF-8"?>
<record
    xmlns:xsi="http://www.w3.org/2001/XMLSchema-instance"
    xsi:schemaLocation="http://www.loc.gov/MARC21/slim http://www.loc.gov/standards/marcxml/schema/MARC21slim.xsd"
    xmlns="http://www.loc.gov/MARC21/slim">

  <leader>00449nam a22001817a 4500</leader>
  <controlfield tag="005">20231031164736.0</controlfield>
  <controlfield tag="008">231031b        |||||||| |||| 00| 0 eng d</controlfield>
  <datafield tag="020" ind1=" " ind2=" ">
    <subfield code="a">978-93-92140-20-4</subfield>
  </datafield>
  <datafield tag="041" ind1=" " ind2=" ">
    <subfield code="a">eng</subfield>
  </datafield>
  <datafield tag="082" ind1=" " ind2=" ">
    <subfield code="a">340.1</subfield>
  </datafield>
  <datafield tag="100" ind1=" " ind2=" ">
    <subfield code="a">PARANJAPE, DR. N.V.</subfield>
  </datafield>
  <datafield tag="245" ind1=" " ind2=" ">
    <subfield code="a">STUDIES IN JURISPRUDENCE LEGAL THEORY</subfield>
  </datafield>
  <datafield tag="250" ind1=" " ind2=" ">
    <subfield code="a">10TH, ED. 2023</subfield>
  </datafield>
  <datafield tag="260" ind1=" " ind2=" ">
    <subfield code="a">ALLAHABAD</subfield>
    <subfield code="b">CENTAL LAW PUBLICATION</subfield>
    <subfield code="c">2022</subfield>
  </datafield>
  <datafield tag="300" ind1=" " ind2=" ">
    <subfield code="a">463;p</subfield>
  </datafield>
  <datafield tag="650" ind1=" " ind2=" ">
    <subfield code="a">LAW</subfield>
  </datafield>
  <datafield tag="942" ind1=" " ind2=" ">
    <subfield code="c">BK</subfield>
  </datafield>
  <datafield tag="999" ind1=" " ind2=" ">
    <subfield code="c">8434</subfield>
    <subfield code="d">8432</subfield>
  </datafield>
  <datafield tag="952" ind1=" " ind2=" ">
    <subfield code="0">0</subfield>
    <subfield code="1">0</subfield>
    <subfield code="4">0</subfield>
    <subfield code="7">0</subfield>
    <subfield code="8">REF</subfield>
    <subfield code="a">JRU</subfield>
    <subfield code="b">JRU</subfield>
    <subfield code="c">SHELF</subfield>
    <subfield code="d">2023-10-31</subfield>
    <subfield code="e">PURCHASE [LBI]</subfield>
    <subfield code="g">650.00</subfield>
    <subfield code="l">0</subfield>
    <subfield code="o">340.1</subfield>
    <subfield code="p">27982</subfield>
    <subfield code="r">2023-10-31 16:49:15</subfield>
    <subfield code="w">2023-10-31</subfield>
    <subfield code="y">BK</subfield>
  </datafield>
  <datafield tag="952" ind1=" " ind2=" ">
    <subfield code="0">0</subfield>
    <subfield code="1">0</subfield>
    <subfield code="4">0</subfield>
    <subfield code="7">0</subfield>
    <subfield code="8">LAW</subfield>
    <subfield code="a">JRU</subfield>
    <subfield code="b">JRU</subfield>
    <subfield code="c">SHELF-30-B</subfield>
    <subfield code="d">2023-10-31</subfield>
    <subfield code="e">PURCHASE [LBI]</subfield>
    <subfield code="g">650.00</subfield>
    <subfield code="l">7</subfield>
    <subfield code="m">2</subfield>
    <subfield code="o">340.1</subfield>
    <subfield code="p">27983</subfield>
    <subfield code="q">2026-02-04</subfield>
    <subfield code="r">2026-01-20 09:21:03</subfield>
    <subfield code="s">2026-01-20</subfield>
    <subfield code="w">2023-10-31</subfield>
    <subfield code="y">BK</subfield>
  </datafield>
  <datafield tag="952" ind1=" " ind2=" ">
    <subfield code="0">0</subfield>
    <subfield code="1">0</subfield>
    <subfield code="4">0</subfield>
    <subfield code="7">0</subfield>
    <subfield code="8">LAW</subfield>
    <subfield code="a">JRU</subfield>
    <subfield code="b">JRU</subfield>
    <subfield code="c">SHELF-30-B</subfield>
    <subfield code="d">2023-10-31</subfield>
    <subfield code="e">PURCHASE [LBI]</subfield>
    <subfield code="g">650.00</subfield>
    <subfield code="l">9</subfield>
    <subfield code="m">3</subfield>
    <subfield code="o">340.1</subfield>
    <subfield code="p">27984</subfield>
    <subfield code="r">2025-12-09 08:11:54</subfield>
    <subfield code="s">2025-10-31</subfield>
    <subfield code="w">2023-10-31</subfield>
    <subfield code="y">BK</subfield>
  </datafield>
  <datafield tag="952" ind1=" " ind2=" ">
    <subfield code="0">0</subfield>
    <subfield code="1">0</subfield>
    <subfield code="4">0</subfield>
    <subfield code="7">0</subfield>
    <subfield code="8">LAW</subfield>
    <subfield code="a">JRU</subfield>
    <subfield code="b">JRU</subfield>
    <subfield code="c">SHELF-30-B</subfield>
    <subfield code="d">2023-10-31</subfield>
    <subfield code="e">PURCHASE [LBI]</subfield>
    <subfield code="g">650.00</subfield>
    <subfield code="l">6</subfield>
    <subfield code="m">1</subfield>
    <subfield code="o">340.1</subfield>
    <subfield code="p">27985</subfield>
    <subfield code="r">2026-01-07 06:40:48</subfield>
    <subfield code="s">2025-11-29</subfield>
    <subfield code="w">2023-10-31</subfield>
    <subfield code="y">BK</subfield>
  </datafield>
  <datafield tag="952" ind1=" " ind2=" ">
    <subfield code="0">0</subfield>
    <subfield code="1">0</subfield>
    <subfield code="4">0</subfield>
    <subfield code="7">0</subfield>
    <subfield code="8">LAW</subfield>
    <subfield code="a">JRU</subfield>
    <subfield code="b">JRU</subfield>
    <subfield code="c">SHELF-30-B</subfield>
    <subfield code="d">2023-10-31</subfield>
    <subfield code="e">PURCHASE [LBI]</subfield>
    <subfield code="g">650.00</subfield>
    <subfield code="l">8</subfield>
    <subfield code="m">2</subfield>
    <subfield code="o">340.1</subfield>
    <subfield code="p">27986</subfield>
    <subfield code="r">2026-02-20 06:24:52</subfield>
    <subfield code="s">2026-02-05</subfield>
    <subfield code="w">2023-10-31</subfield>
    <subfield code="y">BK</subfield>
  </datafield>
</record>
